Oroszország

Elmentve itt :
Bibliográfiai részletek
Szerző: Jablonszky János
Dokumentumtípus: Cikk
Megjelent: 1880
Sorozat:Kolligátum
Kulcsszavak:Földrajz - középiskola - tankönyv, Oroszország
Online Access:http://misc.bibl.u-szeged.hu/24076
LEADER 00549nab a2200169 i 4500
001 misc24076
005 20191111110708.0
008 170825s1880 hu o 0|| zxx d
040 |a SZTE Miscellanea Repozitórium  |b hun 
041 |a zxx 
100 1 |a Jablonszky János 
245 1 0 |a Oroszország  |h [elektronikus dokumentum] /  |c  Jablonszky János 
260 |c 1880 
300 |a 84-88 
490 0 |a Kolligátum 
695 |a Földrajz - középiskola - tankönyv, Oroszország 
856 4 0 |u http://misc.bibl.u-szeged.hu/24076/1/010_022_084-088a.pdf  |z Dokumentum-elérés